| 000 | 00000nam 2200000zi 4500 |
| 001 | 9.884166 |
| 003 | CaOODSP |
| 005 | 20221107170805 |
| 006 | m o d f |
| 007 | cr |n||||||||| |
| 008 | 200130t20202020onca ob f|0| 0 eng d |
| 020 | |a9780660339054 |
| 040 | |aCaOODSP|beng|erda|cCaOODSP |
| 043 | |an-cn--- |
| 086 | 1 |aCH57-3/1-36-2020E-PDF |
| 100 | 1 |aMichalski, Stefan, |eauthor. |
| 245 | 10|aLED lighting in museums and art galleries / |cStefan Michalski, Canadian Conservation Institute, Jim Druzik (retired), Getty Conservation Institute. |
| 264 | 1|a[Ottawa] : |bCanadian Conservation Institute = Institut canadien de conservation, |c2020. |
| 264 | 4|c©2020 |
| 300 | |a1 online resource (59 pages) : |billustrations. |
| 336 | |atext|btxt|2rdacontent |
| 337 | |acomputer|bc|2rdamedia |
| 338 | |aonline resource|bcr|2rdacarrier |
| 490 | 1 |aTechnical bulletin ; |v36 |
| 500 | |aIssued also in French under title: Éclairage à DEL dans les musées. |
| 500 | |aIssued also in HTML format. |
| 500 | |aCaption title. |
| 504 | |aIncludes bibliographical references (pages 55-58). |
| 520 | |a"This Bulletin provides a definition of “good” and “excellent” LED lamps, explains the definitions, reviews the evidence on damage by all forms of lighting, and provides a step-by-step guide to LED lamp selection for both small and large institutions"--Abstract. |
| 650 | 0|aMuseum exhibits|zCanada. |
| 650 | 0|aLED lighting|zCanada. |
| 710 | 1 |aCanada. |bCanadian Heritage. |
| 775 | 08|tÉclairage à DEL dans les musées / |w(CaOODSP)9.884172 |
| 776 | 0#|tLED lighting in museums and galleries.|w(CaOODSP)9.884173 |
| 830 | #0|aTechnical bulletin (Canadian Conservation Institute)|v36.|w(CaOODSP)9.806394 |
| 856 | 40|qPDF|s1.43 MB|uhttps://publications.gc.ca/collections/collection_2020/pch/CH57-3-1-36-2020-eng.pdf |
| 856 | 4 |qHTML|sN/A|uhttps://www.canada.ca/en/conservation-institute/services/conservation-preservation-publications/technical-bulletins/led-lighting-museums.html |